000 00351pab a2200145 454500
008 180718b1983 xxu||||| |||| 00| 0 eng d
100 _aKhan, A.N.
245 _aPolice complaints procedures
260 _c1983
300 _a174-9
362 _aApr. June
650 _aPolice, Complaints Against - U.K.
773 _aPolice Journal
909 _a15201
999 _c15201
_d15201